000 00391nam a22001457a 4500
003 OSt
005 20160727222341.0
008 160620b xxu||||| |||| 00| 0 eng d
040 _cTEST
100 _9114
_aKraus, R
245 _aJack OlanTern's Scarry Halloween
_bJack OlanTern's Scarry Halloween
260 _aU.S.A
_bWestern
_c1993
300 _aJack OlanTern's Scarry Halloween
942 _2ddc
_cBK
999 _c88
_d88